000 00298nam a22001337a 4500
008 170615b xxu||||| |||| 00| 0 eng d
020 _a9780876092446
041 _aeng
080 _a32
100 _a19
101 _aSHP
245 _aTHE NEW SHAPE OF WORLD POLITICS
_cJUNG,K.D
942 _2udc
_cBK
999 _c17481
_d17481